All Dallas Neighborhoods - Statistics

General Stats
  • This quiz has been taken 154 times
  • The average score is 15 of 65
Answer Stats
# Neighborhood Pop. % Correct
26 Downtown 10,766
88%
13 Oak Cliff 29,720
76%
19 Uptown 19,979
71%
28 Highland Park 9,180
62%
7 North Dallas 40,893
59%
14 South Dallas 28,901
59%
33 Lower Greenville 7,284
56%
6 Oak Lawn 50,805
56%
15 University Park 25,182
56%
17 West Dallas 24,132
56%
2 Far North Dallas 165,719
47%
43 Preston Hollow 4,994
47%
38 Deep Ellum 5,799
44%
4 Lake Highlands 87,860
44%
10 Lakewood 33,906
44%
9 Old East Dallas 37,899
44%
5 Pleasant Grove 86,896
44%
44 Cedars 4,566
35%
3 Northwest Dallas 92,727
32%
35 Cedar Crest 7,034
29%
58 Design District 1,041
29%
51 Bishop Arts District 3,622
26%
57 Casa Linda 1,379
26%
22 Casa View 13,275
24%
27 Turtle Creek 9,923
24%
52 Victory Park 2,904
24%
42 Kessler 5,238
21%
1 Northeast Dallas 296,524
21%
37 Redbird 5,901
21%
21 Knox-Henderson 13,425
18%
64 Arts District 581
15%
48 Bluffview 4,135
15%
8 Vickery Meadow 38,622
15%
12 Wolf Creek 30,014
15%
54 Wynnewood North 2,304
15%
23 Buckner Terrace 12,930
12%
63 West End Historic 874
12%
39 Forest Hills 5,474
9%
59 Westmoreland Heights 1,036
9%
55 Winnetka Heights 2,158
9%
11 Cityplace 30,797
6%
30 Eagle Ford 8,013
6%
20 Kleberg 13,449
6%
45 Lochwood 4,634
6%
61 Main Street District 987
6%
46 Old Lake Highlands 4,333
6%
24 Rylie 12,921
6%
47 Vickery Place 4,180
6%
41 Wheatley Place 5,309
6%
62 Belmont Park 947
3%
32 Cadillac Heights 7,411
3%
53 Eastwood 2,393
3%
36 Greenland Hills 6,682
3%
34 Junius Heights 7,073
3%
40 Santa Monica 5,387
3%
29 Stevens Park Village 8,456
3%
25 Whispering Hills 11,440
3%
56 Wilshire Heights 1,434
3%
16 Woodbridge 25,034
3%
60 Bonton 1,035
0%
31 Hollywood Heights 7,823
0%
18 Little Forest Hills 21,576
0%
49 L Streets 4,104
0%
50 Moss Farm 3,971
0%
65 Whispering Oaks 143
0%
No matching quizzes found
Score Distribution
Percent of People with Each Score
Percentile by Number Answered
Your Score History
You have not taken this quiz